000 02306cam a22004814i 4500
003 PE-LiUPU
005 20250731173349.0
008 150706s r 000 0 d
020 _a9780687341207
035 _a(Sirsi) i9780687341207
040 _aPE-LiUPU
_bspa
_cPE-LiUPU
_erda
049 _aPRUA
082 0 4 _a230
_bLBT
_221
100 1 _aDunn, James D. G.,
_eautor.
245 1 0 _aNew Testament Theology :
_ban introduction /
_cJames D. G. Dunn.
264 1 _aNashville :
_bAbingdon Press,
_c2009.
300 _a232 páginas ;
_c23 centímetros,.
336 _atext
_2rdacontent
337 _aunmediated
_2rdamedia
338 _avolume
_2rdacarrier
490 0 _aLibrary of Biblical Theology
504 _aIncluye bibliogarafía.
505 0 _aWhat is New Testament theology? -- Which Bible? whose Bible? -- The question of the canon -- Theology or theologies -- Theology or Theologizing? -- Paul, the NT theologian Par excellence -- The determining factors -- NT theology and the OT -- The revelation of Jesus Christ -- The experience of the spirit -- The central subject matter of a biblical theology of the NT -- The theology of God -- The inherited theology -- Making sense of Jesus (Christology) in relation to theo-logy -- The theology of salvation -- The inherited theology -- The NT theology of salvation -- The Church of God -- The inherited theology -- Israel redefined -- The ethical outworkings -- The inherited theology -- The law and the NT -- The main findings -- Theology as theologizing.
526 _aSEG42
526 _aSEG41
526 _aSEG40
526 _aSEG39
526 _aP94
526 _aP87
526 _aP86
526 _aP85
526 _aP77
526 _aP76
526 _aP35
541 _g25154;
630 _aBiblia.
_pN.T.
_xTEOLOGIA.
910 _agl
_bjv
_clch
_d20100210
942 _2ddc
_cBOOK
949 _a230 LBT 3
_wDEWEY
_c1
_i60938
_lCCODEBUL1
_mBUL
_p18.00
_r0
_sY
_tBOOK
_u2015-7-6
_xTEOLOGIA
_zUNKNOWN
_0COMPRA
_o.STAFF. Colección General
994 _aC0
_bPEPRU
596 _a1
999 _a230 LBT 3
_wDEWEY
_c50290
_i60938
_f2021-11-9
_g5
_lCCODEBUL1
_mBUL
_p18.00
_r0
_sY
_tBOOK
_u2015-7-6
_xTEOLOGIA
_zUNKNOWN
_0COMPRA
_o.STAFF. Colección General
_d50290
980 _81
_gALBERTO SANCHEZ Responsable de Automatización